X factor judges Quiz Stats

 Plays Quiz not verified by Sporcle

Score 0/15 Timer 05:00
0 Plays Today
judge % Correct
simon cowell
96.4%
louis walsh
89.2%
cheryl cole
85.5%
sharon osbourne
79.5%
dannii minogue
56.6%
gary barlow
56.6%
tulisa contostavlos
55.4%
nicole scherzinger
51.8%
judge % Correct
kelly rowland
50.6%
brian friedman
39.8%
paula abdul
38.6%
katy perry
38.6%
pixie lott
34.9%
geri halliwell
33.7%
natalie imbruglia
25.3%

You're not logged in!

Compare scores with friends on all Sporcle quizzes.
OR
Log In

Show Comments

Extras

Created Nov 2, 2010ReportNominate
Tags:factor, judge

Top Quizzes Today


Score Distribution

Your Account Isn't Verified!

In order to create a playlist on Sporcle, you need to verify the email address you used during registration. Go to your Sporcle Settings to finish the process.

Report this User

Report this user for behavior that violates our Community Guidelines.

Details: